The truck book / (Record no. 7341)

MARC details
000 -LEADER
fixed length control field 00811nam a22002657a 4500
001 - CONTROL NUMBER
control field 7341
003 - CONTROL NUMBER IDENTIFIER
control field FISKH
005 - DATE AND TIME OF LATEST TRANSACTION
control field 20250710084601.0
008 - FIXED-LENGTH DATA ELEMENTS--GENERAL INFORMATION
fixed length control field 250710b cb ||||| |||| 00| 0 eng d
040 ## - CATALOGING SOURCE
Original cataloging agency FISKH
Language of cataloging eng
Transcribing agency FISKH
Modifying agency FISKH
050 ## - LIBRARY OF CONGRESS CALL NUMBER
Classification number TL230 .D48
082 ## - DEWEY DECIMAL CLASSIFICATION NUMBER
Classification number 629.224
100 ## - MAIN ENTRY--PERSONAL NAME
Personal name Fiori, Lawrence Di
245 ## - TITLE STATEMENT
Title The truck book /
Statement of responsibility, etc. by Lawrence Di Fiori
260 ## - PUBLICATION, DISTRIBUTION, ETC.
Place of publication, distribution, etc. New York :
Name of publisher, distributor, etc. A Golden Book,
Date of publication, distribution, etc. 1984.
300 ## - PHYSICAL DESCRIPTION
Extent 12 unnumbered pages :
Other physical details color illustrations ;
Dimensions 24 cm
505 ## - FORMATTED CONTENTS NOTE
Formatted contents note C<br/>
520 ## - SUMMARY, ETC.
Summary, etc. Depicts different kinds of trucks and the work they do. On board pages.
521 8# - TARGET AUDIENCE NOTE
Target audience note 100<br/>
Source Lexile estimate<br/>
521 8# - TARGET AUDIENCE NOTE
Target audience note C<br/>
Source Raz-Plus<br/>
650 ## - SUBJECT ADDED ENTRY--TOPICAL TERM
Topical term or geographic name entry element Transportation
Form subdivision Vehicles
General subdivision Informational
Chronological subdivision Kids Book
650 ## - SUBJECT ADDED ENTRY--TOPICAL TERM
Topical term or geographic name entry element Machines
Form subdivision Board Book
942 ## - ADDED ENTRY ELEMENTS (KOHA)
Source of classification or shelving scheme Dewey Decimal Classification
Koha item type Books
Suppress in OPAC No
Holdings
Withdrawn status Lost status Source of classification or shelving scheme Damaged status Not for loan Collection Home library Current library Shelving location Date acquired Total Checkouts Full call number Barcode Date last seen Date last checked out Copy number Price effective from Koha item type
    Dewey Decimal Classification     Non-Fiction Footprints International School Library Network Toul Kork Campus Footprints International School Library Network Toul Kork Campus TK Primary Library Room(4th Floor), Bookcase 7, Shelves 57-60, Dark Green Books 07/10/2025 1 FIO 629.224 TL230 .D48 FISBK00362 01/14/2026 11/11/2025 1 07/10/2025 Books